Welcome to the Holygrace Academy Library

Please use search bar below to get started

TWINKLE DIGEST (Record no. 8809)

MARC details
000 -LEADER
fixed length control field 00234nam a22001097a 4500
082 ## - DEWEY DECIMAL CLASSIFICATION NUMBER
Classification number 823
Item number PAI/T
100 ## - MAIN ENTRY--AUTHOR NAME
Personal name PAI, ANAND
245 ## - TITLE STATEMENT
Title TWINKLE DIGEST
246 ## - VARYING FORM OF TITLE
Title proper/short title TWINKLE DIGEST
Remainder of title TWINKLE DIGEST
650 ## - SUBJECT ADDED ENTRY--TOPICAL TERM
Topical Term ENGLISH STORY
942 ## - ADDED ENTRY ELEMENTS (KOHA)
Koha item type Books
Holdings
Withdrawn status Lost status Collection code Home library Current library Date acquired Full call number Accession Number Koha item type
  Lost Fiction Main Library Main Library 24/07/2024 823 PAI/T 00626 Books
  Lost Fiction Main Library Main Library 24/07/2024 823 PAI/T 00627 Books
  Lost Fiction Main Library Main Library 24/07/2024 823 PAI/T 00628 Books
  Lost Fiction Main Library Main Library 24/07/2024 823 PAI/T 00629 Books
  Lost Fiction Main Library Main Library 24/07/2024 823 PAI/T 00630 Books
  Lost Fiction Main Library Main Library 24/07/2024 823 PAI/T 00632 Books
  Lost Fiction Main Library Main Library 24/07/2024 823 PAI/T 00633 Books
  Lost Fiction Main Library Main Library 24/07/2024 823 PAI/T 00634 Books